000 04714cam a22018494i 4500
003 PE-LiUPU
005 20250813165358.0
008 141127s2013 ck r 000 0 spa d
020 _a9587710304
020 _a9789587710304
035 _a(Sirsi) i9789587710304
040 _aPUCPR
_bspa
_cPUCPR
_dCKJAV
_dPE-LiUPU
_erda
050 4 _aHF5626
_bM22
082 0 4 _a657.32
_bM22
_222
100 1 _aMantilla B., Samuel Alberto,
_eautor.
245 1 0 _aIFRS / NIIF plenos :
_ba su alcance, para facilitar su implementación /
_cSamuel Alberto Mantilla B.
250 _aPrimera edición.
264 _aBogotá :
_bECOE Edciones,
_c2013.
300 _a301 páginas ;
_c24 centímetros.
336 _atext
_2rdacontent
337 _aunmediated
_2rdamedia
338 _avolume
_2rdacarrier
490 0 _aTextos universitaros. Contabilidad, auditoria y control
500 _aEn la cubierta: Incluye 175 preguntas de selección múltiple y 4 estudios de caso.
505 0 _aContenido: Prefacio a los Estándares / Normas Internacionales de Información financiera. -- Estructura / Marco conceptual para la preparación y presentación de estados financieros. -- IFRS 1 a 13. -- IAS 1, 2, 7, 8, 10, 11, 12, 16, 17, 18, 19, 20, 21, 23, 24, 26, 27, 27 (2011), 28, 28 (2011) 29, 31, 32, 33, 34, 36, 37, 38, 39, 40, 41. -- IFRIC1, 2, 4, 5, 6, 7, 9, 10, 12, 13, 14, 15, 16, 17, 18, 19, 20. -- SIC 7, 10, 15, 21, 25, 27, 29, 31, 32. =650 14
_aContabilidad
_xNormas.
526 _aP203
526 _aP200
526 _aSEG65
526 _aSEG64
526 _aSEG63
526 _aSEG62
526 _aSEG61
526 _aSEG60
526 _aSEG59
526 _aSEG58
526 _aSEG57
526 _aSEG56
526 _aSEG55
526 _aSEG54
526 _aSEG53
526 _aSEG52
526 _aSEG51
526 _aSEG50
526 _aSEG49
526 _aSEG48
526 _aSEG47
526 _aSEG46
526 _aSEG24
526 _aSEG23
526 _aSEG22
526 _aSEG21
526 _aSEG20
526 _aSEG19
526 _aSEG18
526 _aSEG17
526 _aSEG16
526 _aSEG14
526 _aSEG13
526 _aSEG12
526 _aSEG11
526 _aSEG10
526 _aSEG09
526 _aSEG06
526 _aSEG05
526 _aSEG04
526 _aSEG03
526 _aSEG02
526 _aSEG68
526 _aSEG66
526 _aSEG45
526 _aSEG25
526 _aSEG01
526 _aP163
526 _aP162
526 _aP161
526 _aP160
526 _aP159
526 _aP158
526 _aP157
526 _aP156
526 _aP155
526 _aP154
526 _aP153
526 _aP152
526 _aP151
526 _aP150
526 _aP149
526 _aP142
526 _aP141
526 _aP140
526 _aP139
526 _aP138
526 _aP137
526 _aP132
526 _aP131
526 _aP130
526 _aP126
526 _aP125
526 _aP124
526 _aP123
526 _aP115
526 _aP122
526 _aP121
526 _aP116
526 _a P114
526 _aP112
526 _aP111
526 _aP104
526 _aP103
526 _aP102
526 _aP101
526 _aP100
526 _aP96
526 _aP95
526 _aP93
526 _aP92
526 _aP91
526 _aP88
526 _aP83
526 _aP82
526 _aP79
526 _aP78
526 _aP75
526 _aP74
526 _aP71
526 _aP69
526 _a P51
526 _aP49
526 _aP48
526 _aP47
526 _aP33
526 _aP31
526 _a P30
526 _aP29
526 _aP27
526 _aP26
526 _aP25
526 _aP24
526 _a P22
526 _aP10
526 _aP09
526 _a P08
526 _aP06
526 _aP05
526 _aP04
526 _aP01
541 _g0001-000641;
630 0 0 _aNormas internacionales de información financiera.
_94738
650 2 4 _aContabilidad financiera.
_94736
650 2 4 _aEstados financieros.
_91111
910 _ajck
_bebj
_cebj
_d20161012
942 _2ddc
_cBOOK
949 _a657.32 M22
_wDEWEY
_c1
_i74292
_lCCODEBUL1
_mBUL
_p17.69
_r0
_sY
_tBOOK
_u2016-10-12
_xFCE
_PP08
_0COMPRA
_o.STAFF. Colección Empresariales
994 _aC0
_bPEPRU
596 _a1
999 _a657.32 M22
_wDEWEY
_c12244
_i74292
_f2021-11-5
_g6
_lCCODEBUL1
_mBUL
_p17.69
_r0
_sY
_tBOOK
_u2016-10-12
_xFCE
_PP08
_0COMPRA
_o.STAFF. Colección Empresariales
_d12244
980 _81
_gALBERTO SANCHEZ Responsable de Automatización